000 00920nam a2200217 a 4500
001 16871
003 CO-ViMGA
008 141112s2004 ck r 000 u spa d
020 _a9586823938
040 _aCO-ViMGA
_bspa
_cCO-ViMGA
082 0 4 _a332.04152 A713m
100 1 _aArbeláez, María Ángelica; Zuluaga, Sandra; Guerra, María Lucía
_923871
245 1 0 _aEl mercado de capitales Colombiano en los noventa , y las firmas comisionistas de bolsa
260 _aBogotá,
_cAlfaOmega,
_c2002
300 _a161.p.
505 _aEl mercado de capitales mundial en los años noventa Mercado de capitales Colombiano en los años noventa Evolución reciente de las firmas comisionistas La deuda pública interna y el mercado de capitales
590 _aForma de adquisición : Proyecto 2005 - - Precio :
_26.100
650 1 4 _aEconomía - COLOMBIA
_923872
650 1 4 _aINVERSIONES - COLOMBIA
_923873
942 _2ddc
_cBK
999 _c26509
_d26509